LEADER 00793nam2-22002891i-450- 001 990000163260403321 035 $a000016326 035 $aFED01000016326 035 $a(Aleph)000016326FED01 035 $a000016326 100 $a20011111d--------km-y0itay50------ba 101 0 $aita 105 $ay-------001yy 200 1 $a[2.]: Atlas. 9 tav. : ill. 210 $aParis$cJ. Correard$d1841- 215 $av.$d22x30 cm 461 0$1001000012479$12001$aCOURS sur le service des officiers d'artillerie dans les fonderies 610 0 $aFonderia 676 $a671.2 801 0$aIT$bUNINA$gRICA$2UNIMARC 901 $aBK 912 $a990000163260403321 952 $a13 AR 21 B 01$b4307$fFINBC 959 $aFINBC 996 $aAtlas. 9 tav. : ill$9121890 997 $aUNINA DB $aING01 LEADER 01876nam 2200409z- 450 001 9910346738803321 005 20210211 035 $a(CKB)4920000000094326 035 $a(oapen)https://directory.doabooks.org/handle/20.500.12854/44055 035 $a(oapen)doab44055 035 $a(EXLCZ)994920000000094326 100 $a20202102d2018 |y 0 101 0 $aeng 135 $aurmn|---annan 181 $ctxt$2rdacontent 182 $cc$2rdamedia 183 $acr$2rdacarrier 200 00$aCooperative Adaptations and Evolution in Plant-Microbe Systems 210 $cFrontiers Media SA$d2018 215 $a1 online resource (209 p.) 225 1 $aFrontiers Research Topics 311 08$a2-88945-599-8 330 $aEcological and evolutionary genetics of plant-microbe interactions is of high importance for developing the plant science since the plants originated symbiotically (via incorporation of a phototrophic cyanobacterium into a heterotrophic eukaryon) and further evolve as the multipartite symbiotic systems, harboring the enormously diverse microbial communities. The Research Topic has integrated the top-level research on the genetic interactions in the plant-microbial associations required to develop the novel evolutionary approaches in the molecular and ecological genetics of different kinds of symbioses. 606 $aBotany & plant sciences$2bicssc 610 $acoadaptation 610 $acoevolulion 610 $aecological genetics 610 $ahorizontal gene transfer 610 $aplant-microbe interaction 615 7$aBotany & plant sciences 700 $aTatiana Matveeva$4auth$01329312 702 $aNikolai Provorov$4auth 702 $aJari P.T. Valkonen$4auth 906 $aBOOK 912 $a9910346738803321 996 $aCooperative Adaptations and Evolution in Plant-Microbe Systems$93039413 997 $aUNINA